000 00488nam a2200181Ia 4500
008 100917s9999 xx 000 0 und d
082 _b30660
100 _aगोगटे शकुंतला
245 _aअभिमान
260 _bप्रपंच प्रकाशन
_c1970
300 _a85
365 _b4
520 _aकादंबरी
630 _aअभिमान
650 _aकादंबरी
730 _aअभिमान
942 _cBOOK
999 _c636054
_d636051